| 000 | 00530cas a2200205 4500 | ||
|---|---|---|---|
| 008 | 021125n eng u | ||
| 035 | _a(Sirsi) u120556 | ||
| 041 | _aeng. | ||
| 245 | _aEuropean Economic Brief | ||
| 260 |
_aLondon _bRICS Policy Unit |
||
| 554 | _aIrregular | ||
| 650 | _aRICS | ||
| 650 | _aECONOMY | ||
| 650 | _aBUILT ENVIRONMENT | ||
| 650 | _aCOMMERCIAL | ||
| 650 | _aHOUSING | ||
| 690 | _aECONOMICS | ||
| 856 | _uhttps://www.rics.org/resources/economic_analysis/euro_economic_brief.html | ||
| 942 | _n0 | ||
| 999 |
_c118764 _d118764 |
||